00878nam a22002652i 450000100060000000300060000600500170001200800410002903500180007004000230008804100080011108200290011909000160014810000230016424500480018726000390023530000280027449000240030250000610032665000200038783000310040794200120043899900170045095201450046716438UkOxU20211209000017.0140213s1954 enka 000 0 eng d aBD-RUjL)16493 aYCMcYCMdEQObeng aeng04219a796.35809 bGOH 1954 aGV917b.G661 aGover, Alf.95082910aHow I teach better cricket /cby Alf Gover. aLondon :bFrederick Muller,c1954. a96 p. :bill. ;c19 cm.1 a"Play better" books aBatting and bowling actions demonstrated by Don Bennett. 0aCricket.950830 0a"Play better" books950832 2ddccBK c16438d16438 00102ddc40718NFICaRUCLbRUCLcReadingd1963-02-13eZeithlinger.g2.00l0o796.35809 GOH 1954r2014-02-13 00:00:00tC-1w2014-02-13yBK